| 000 | 00489nam a2200205Ia 4500 | ||
|---|---|---|---|
| 003 | OSt | ||
| 005 | 20250307095512.0 | ||
| 008 | 210210b1928 xxu||||| |||| 00| 0 eng d | ||
| 040 | _cAL | ||
| 041 | _aeng | ||
| 082 | _a425/324 | ||
| 100 |
_aWEEKLEY (E) _9204719 |
||
| 245 | _aEnglish language | ||
| 260 |
_aLondon _bErnest Benn Limited _c1928 |
||
| 650 |
_alanguage _9204720 |
||
| 650 |
_aEnglish _9204721 |
||
| 690 |
_aEnglish Language _9204722 |
||
| 906 | _a006100 | ||
| 942 |
_2ddc _cBK |
||
| 999 |
_c129134 _d129134 |
||